Harmful algae : Proceedings o the VIII International Conference on Harmful Algae, Vigo, Spain, 25-29 June 1997 = Algas nocivas

Harmful algal blooms are one of the consequences of the human impact on aquatic ecosystems, particularly the process of eutrophication. They can cause a variety of deleterious effects, including the poisoning of fish and shellfish, habitat disruptions for many organisms, water discolouration, beach...

وصف كامل

محفوظ في:
التفاصيل البيبلوغرافية
التنسيق: كتاب
اللغة:Undetermined
منشور في: Spain UNESCO 1998
الموضوعات:
الوسوم: إضافة وسم
لا توجد وسوم, كن أول من يضع وسما على هذه التسجيلة!
Thư viện lưu trữ: Trung tâm Học liệu Trường Đại học Cần Thơ
LEADER 01394nam a2200205Ia 4500
001 CTU_149194
008 210402s9999 xx 000 0 und d
082 |a 579.8176 
082 |b H287 
245 0 |a Harmful algae : 
245 0 |b Proceedings o the VIII International Conference on Harmful Algae, Vigo, Spain, 25-29 June 1997 = Algas nocivas 
245 0 |c Edited by Beatriz Reguera ... [et. al.] 
260 |a Spain 
260 |b UNESCO 
260 |c 1998 
520 |a Harmful algal blooms are one of the consequences of the human impact on aquatic ecosystems, particularly the process of eutrophication. They can cause a variety of deleterious effects, including the poisoning of fish and shellfish, habitat disruptions for many organisms, water discolouration, beach fouling, and even toxic effects for humans. This book is a comprehensive synthesis of the latest research achievements concerning harmful algae (HA) ecology. International experts provide an in-depth analysis of HA topics including: global distribution, ecology of major HA groups, ecology and physiology of HA, HA and the food web, studying and mitigating HA, the human impact on HA and HA impact on human activity. 
650 |a Algal blooms,Toxic marine algae,Toxic marine algae 
650 |x Monitoring,Toxicology,Monitoring 
904 |i Trọng Hiếu 
980 |a Trung tâm Học liệu Trường Đại học Cần Thơ